| 000 | 01462nam a22003617a 4500 | ||
|---|---|---|---|
| 003 | OSt | ||
| 005 | 20251007104758.0 | ||
| 008 | 250228b |||||||| |||| 00| 0 eng d | ||
| 020 |
_a9780323655873 (Hardcover) _cUSD 291.00 |
||
| 020 | _a9780323793728 (Volume 2) | ||
| 040 |
_aNUST _beng _cNUST _dNUST _erda |
||
| 050 | _aRC731 MUR | ||
| 245 |
_aMurray and Nadel's textbook of respiratory medicine / _cedited by V. Courtney Broaddus, Joel D. Ernst, Talmadge E. King, Stephen C. Lazarus, Kathleen F. Sarmiento, Lynn M. Schnapp, Renee D. Stapleton and Michael B. Gotway. |
||
| 250 | _aSeventh edition. | ||
| 260 |
_aPhiladelphia, PA : _bElsevier, _c©2022. |
||
| 300 |
_axli, 1993 pages + various pagings : _bIllustrations ; _c29 cm. |
||
| 336 |
_2rdacontent _atext _btxt |
||
| 337 |
_2rdamedia _aunmediated _bn |
||
| 338 |
_2rdacarrier _avolume _bnc |
||
| 504 | _aIncludes bibliographical references and index. | ||
| 650 |
_aRespiratory organs _xDiseases. |
||
| 650 | _aRespiratory tract diseases. | ||
| 650 | _aRespiration disorders. | ||
| 700 |
_aBroaddus, V. Courtney _eEditor |
||
| 700 |
_aErnst, Joel D. _eEditor |
||
| 700 |
_aKing, Talmadge E. _eEditor |
||
| 700 |
_aLazarus, Stephen C. _eEditor |
||
| 700 |
_aSarmiento, Kathleen F. _eEditor |
||
| 700 |
_aSchnapp, Lynn M. _eEditor |
||
| 700 |
_aStapleton, Renee Doney _eEditor |
||
| 700 |
_aGotway, Michael B. _eEditor |
||
| 942 |
_2lcc _cBOOKS _eSeventh edition. _hRC731 MUR _kRC _mMUR _n0 |
||
| 999 |
_c171360 _d171360 |
||